000 00336nam a2200121Ia 4500
008 240624s9999 xx 000 0 und d
041 _aeng
082 _a658.155 AND
100 _aANDERSEN ARTHUR
245 _aMANAGING BUSINESS RISK AN INTEGRATED APP
260 _c2000
_aNew Delhi
_bUniversities Press
300 _axii, : 152 : p. : cm. ; 25
999 _c188
_d188